| 000 | 00735nam a2200181Ia 4500 | ||
|---|---|---|---|
| 008 | 100920s9999 xx 000 0 und d | ||
| 082 |
_b86210 _a491.462 थ 98 |
||
| 100 | _aप्रभावळकर दिलीप. | ||
| 245 | _aदिलीप प्रभावळकरांच्या एकांकिका. | ||
| 260 |
_bउत्कर्ष प्रकाशन, पुणे. _c1998 |
||
| 300 |
_a56 _bसाधी |
||
| 365 | _b35 | ||
| 520 | _aनाटक. | ||
| 630 | _aदिलीप प्रभावळकरांच्या एकांकिका. | ||
| 650 | _aनाटक. | ||
| 730 | _aदिलीप प्रभावळकरांच्या एकांकिका. | ||
| 942 | _cBOOK | ||
| 999 |
_c726720 _d726717 |
||